00881nam a22002417a 4500003001100000005001700011008004100028020001800069040003900087041000800126082001300134245016200147260005200309300003300361650002800394650003600422650001800458700003200476700002200508942000700530952008700537999001500624LK-CoMWRAF20231122134850.0230915b2012 |||||||| |||| 00| 0 eng d a9789550762071 aLK-CoMWRAFdLK-CoMWRAFeLK-CoMWRAF aeng a337bPOL aThe political economy of environment and development in a globalised world: bexploring the frontiers: Essays in honour of Nadarajah Shanmugaratnam aColombo:bSocial Scientists' Association,c2012 a395 p. : ill., maps ; 24 cm. aWNVIRONMENTAL ECONOMICS aInternational Political economy aGlobalization a Kjosavik, Darley Joseeed. aVedeld, Pauleed. cBK 00104070aMAINbMAINd2023-09-15l0o337 POLpRAF652r2023-09-15w2023-09-15yBK c3570d3570